000 00760nam a2200205 i 4500
001 180704
003 ES-MaACL
005 20230906221152.0
007 t|
008 120627q1882 sp |||| | spa d
080 _a355.353(599)(091)
100 1 _aConcas y Palau, Víctor.
_940067
245 1 0 _aEstudios referentes a servicios de marina en Filipinas
_b: reorganización del Apostadero de Filipinas /
_cVíctor María Concas y Palau.
260 _a[Madrid :
_bs.n.,
_c1882]
300 _aP. [141]-176, [261]-279, [415]-433 ;
_c24 cm.
594 _aDatos tomados de principio del texto, sin portada.
595 _aSeparata de: Revista general de la Marina, t. 11.
650 _aMarina de guerra-
_zFilipinas.
_9150782
852 _aES-MaACL
_jT-511-F-5-7
999 _c180704
_d180704